000 00663cab a2200277 4500
001 X1199
008 090401t1992 xxu||||| |||| 00| 0 eng d
035 _a(Sirsi) u15414
041 _aeng
245 _aWitton Booth on zoning
260 _c1992
350 _a0
490 _aThe Impugner (RICS Rating Diploma Holders` Section)
_vSeptember 1992 (8)
650 _aFIXED ZPNING
650 _aHALVING BACK
650 _aHISTORY
650 _aPEAK AREA
650 _aRATING
650 _aREAR AREA
650 _aTRUSTRUM EVE
650 _aWITTON BOOTH
650 _aZONING
690 _aRATING AND VALUATION
942 _n0
948 _c04/03/1997
999 _c10106
_d10106